Statistieken voor Grootste steden in de VS

Klik hier om de quiz te nemen!

Algemene statistieken

  • Deze quiz is 226 keer genomen
  • De gemiddelde score is 20 van 50

Antwoordstatistieken

BevolkingStad% Correct
8,336,817New York City
100%
3,979,576Los Angeles
99%
2,693,976Chicago
91%
705,749Washington
90%
881,549San Francisco
83%
467,963Miami
82%
692,600Boston
77%
2,320,268Houston
75%
651,319Las Vegas
74%
1,343,573Dallas
68%
727,211Denver
61%
670,031Detroit
61%
753,675Seattle
60%
1,423,851San Diego
58%
506,811Atlanta
57%
1,584,064Philadelphia
57%
390,144New Orleans
53%
978,908Austin
50%
654,741Portland
50%
1,680,992Phoenix
48%
876,384Indianapolis
36%
513,624Sacramento
36%
429,606Minneapolis
35%
1,547,253San Antonio
35%
885,708Charlotte
32%
399,700Tampa
32%
495,327Kansas City
31%
670,820Nashville
28%
655,057Oklahoma City
28%
1,021,795San José
28%
593,490Baltimore
25%
651,073Memphis
25%
911,507Jacksonville
24%
590,157Milwaukee
23%
898,553Columbus
17%
560,513Albuquerque
16%
548,073Tucson
16%
478,221Colorado Springs
11%
617,638Louisville
11%
681,728El Paso
10%
909,585Fort Worth
10%
478,192Omaha
9%
401,190Tulsa
9%
474,069Raleigh
8%
433,031Oakland
7%
531,576Fresno
6%
462,628Long Beach
6%
449,974Virginia Beach
6%
518,012Mesa
5%
398,854Arlington
3%

Scoreverdeling

Percentiel versus Aantal Correcte Antwoorden

Procent van Mensen met Elke Score

Uw Scoregeschiedenis

U heeft deze quiz nog niet genomen